| 000 | 00000nam##2200000za#4500 |
| 001 | 9.699030 |
| 003 | CaOODSP |
| 005 | 20210625000210 |
| 007 | cr ||||||||||| |
| 008 | 150407|1997||||xxc|||||o f|0| 0 eng|d |
| 040 | |aCaOODSP|beng |
| 043 | |an-cn--- |
| 086 | 1 |aF2-116/1997Erev-PDF |
| 110 | 1 |aCanada. |bDepartment of Finance. |
| 245 | 10|aDraft legislation and regulations relating to the GST and HST / |h[electronic resource]|cpublished by The Honourable Paul Martin, P.C., M.P., Minister of Finance. |
| 260 | |aOttawa - Ontario : |bFinance Canada |cNovember 1997. |
| 300 | |a112p. |
| 500 | |aContents: Excise Tax Act.--An Act to amend the Excise Tax Act: S.C., 1997, c. 10.--Draft regulations. |
| 500 | |aThe catalogue number (F2-116/1997Erev) and ISBN (0-660-17254-2) for the print edition have been incorrectly copied in this electronic publication. |
| 590 | |a14-06-Supp|b2014-03-21 |
| 690 | 07|aGoods and services tax|2gcpds |
| 690 | 07|aHarmonized sales tax|2gcpds |
| 690 | 07|aLegislation|2gcpds |
| 690 | 07|aRegulations|2gcpds |
| 775 | 08|tAvant-projet de loi et de règlement concernant la TPS et la TVH / |w(CaOODSP)9.643018 |
| 776 | 0#|tDraft legislation and regulations relating to the GST and HST |w(CaOODSP)9.646765 |
| 856 | 40|ahttp://publications.gc.ca|qPDF|s290 KB|uhttps://publications.gc.ca/collections/Collection-R/Finance/Budget97/97dgh1-e.pdf |